Normal view MARC view
  • McPartland, Brian J

Entry Personal Name

Number of records used in: 1

001 - CONTROL NUMBER

  • control field: 109381

003 - CONTROL NUMBER IDENTIFIER

  • control field: NUST

005 - DATE AND TIME OF LATEST TRANSACTION

  • control field: 20230221161953.0

008 - FIXED-LENGTH DATA ELEMENTS

  • fixed length control field: 230221|| aca||aabn | a|a d

040 ## - CATALOGING SOURCE

  • Original cataloging agency: NUST
  • Transcribing agency: NUST

100 ## - HEADING--PERSONAL NAME

  • Personal name: McPartland, Brian J

670 ## - SOURCE DATA FOUND

  • Source citation: Work cat.: (NUST)175601: McPartland, Joseph F. 41450, Handbook of practical electrical design /, c1999.
© 2023 Central Library, National University of Sciences and Technology. All Rights Reserved.